Srimad Bhagavad Gita/ (Record no. 43825)
[ view plain ]
| 000 -LEADER | |
|---|---|
| fixed length control field | 00287nam a22001211a 4500 |
| 082 ## - DEWEY DECIMAL CLASSIFICATION NUMBER | |
| Classification number | 294.592 4 |
| Item number | SER/S |
| 100 ## - MAIN ENTRY--PERSONAL NAME | |
| Personal name | Seru S L |
| 9 (RLIN) | 121367 |
| 245 ## - TITLE STATEMENT | |
| Title | Srimad Bhagavad Gita/ |
| Statement of responsibility, etc. | by Seru S L |
| 260 ## - PUBLICATION, DISTRIBUTION, ETC. | |
| Place of publication, distribution, etc. | Delhi: |
| Name of publisher, distributor, etc. | Nag, |
| Date of publication, distribution, etc. | 1983. |
| 300 ## - PHYSICAL DESCRIPTION | |
| Extent | 448p. |
| 650 ## - SUBJECT ADDED ENTRY--TOPICAL TERM | |
| Topical term or geographic name entry element | Bhagavad Gita |
| 9 (RLIN) | 121368 |
| 942 ## - ADDED ENTRY ELEMENTS (KOHA) | |
| Koha item type | Book |
| Withdrawn status | Lost status | Damaged status | Not for loan | Permanent Location | Current Location | Date acquired | Cost, normal purchase price | Total Checkouts | Full call number | Barcode | Date last seen | Date last checked out | Cost, replacement price | Price effective from | Koha item type | Source of classification or shelving scheme | Shelving location |
|---|---|---|---|---|---|---|---|---|---|---|---|---|---|---|---|---|---|
| Sree Sankaracharya University of Sanskrit | Sree Sankaracharya University of Sanskrit | 08.01.2015 | 0.00 | 4 | 294.592 4 SER/S | 005368 | 10.07.2017 | 07.07.2017 | 0.00 | 08.01.2015 | Book | ||||||
| Write off | Sree Sankaracharya University of Sanskrit | Sree Sankaracharya University of Sanskrit | 03.11.2023 | 294.592 4 SER/S | 005366 | 03.11.2023 | 03.11.2023 | Book | Stacks | ||||||||
| Write off | Sree Sankaracharya University of Sanskrit | Sree Sankaracharya University of Sanskrit | 03.11.2023 | 294.592 4 SER/S | 005367 | 03.11.2023 | 03.11.2023 | Book | Stacks |